| 000 | 00783nam a22002415i 4500 | ||
|---|---|---|---|
| 001 | 11054 | ||
| 003 | ES-MaACL | ||
| 005 | 20250927135526.0 | ||
| 007 | t| | ||
| 008 | 921221s1992 sp ||||0| spa j | ||
| 020 | _a84-283-1963-4 | ||
| 040 |
_aM-BN _bspa _cM-BN |
||
| 080 | _a510.5(076.2) | ||
| 100 | 1 |
_aFernández, Joaquín ( _qFernández Martínez) _949381 |
|
| 245 | 1 | 0 |
_aAlgoritmos _b: problemas resueltos y comentados / _cJoaquín Fernández, Fco. Javier Oliver, José L. Sánchez. |
| 260 |
_aMadrid : _bParaninfo, _c1992. |
||
| 300 |
_a271 p ; _c26 cm. |
||
| 650 | 4 |
_aAlgoritmos- _vProblemas. _99722 |
|
| 700 | 1 |
_aOliver, Francisco Javier. _986808 |
|
| 700 | 0 |
_aSánchez, José L., _d1963- _9102381 |
|
| 852 |
_aES-MaACL _jL-18427 _bR.121841 |
||
| 999 |
_c11054 _d11054 |
||